000 00585nam a2200229Ia 4500
003 OSt
005 20221005132138.0
006 a|||||r|||| 00| 0
007 ta
008 221004b |||||||| |||| 00| 0 tam d
024 _a52633
037 _cTextual
040 _aCRL
_cCRL
_btam
041 _2tam
_atam
082 _aY:351.211, 31K6
100 _aRajanarayanan Co.
_9640657
245 0 _aThamizh nattu nadodikathaigal
260 _c1966
650 _aSOCIOLOGY
942 _hY:351.211, 31K6
_cTEXL
_2cc
999 _c1062569
_d1062569